<?xml version="1.0" encoding="UTF-8"?>
<record
    xmlns:xsi="http://www.w3.org/2001/XMLSchema-instance"
    xsi:schemaLocation="http://www.loc.gov/MARC21/slim http://www.loc.gov/standards/marcxml/schema/MARC21slim.xsd"
    xmlns="http://www.loc.gov/MARC21/slim">

  <leader>00850nam a22002057a 4500</leader>
  <controlfield tag="005">20240522165314.0</controlfield>
  <datafield tag="010" ind1=" " ind2=" ">
    <subfield code="a">ENG-140494</subfield>
  </datafield>
  <datafield tag="020" ind1=" " ind2=" ">
    <subfield code="c">11658.00</subfield>
    <subfield code="a">9788195635436</subfield>
  </datafield>
  <datafield tag="035" ind1=" " ind2=" ">
    <subfield code="a">EN-124026</subfield>
  </datafield>
  <datafield tag="037" ind1=" " ind2=" ">
    <subfield code="b">DBAD</subfield>
  </datafield>
  <datafield tag="082" ind1=" " ind2=" ">
    <subfield code="a">581.68095452</subfield>
  </datafield>
  <datafield tag="100" ind1=" " ind2=" ">
    <subfield code="a">Karthigeyan, K.</subfield>
    <subfield code="9">66800</subfield>
  </datafield>
  <datafield tag="245" ind1=" " ind2=" ">
    <subfield code="a">Endemic And Threatened Vascular Plants Of West Bengal/</subfield>
    <subfield code="c">By K. Karthigeyan...[et. al.]                                                                                      </subfield>
  </datafield>
  <datafield tag="260" ind1=" " ind2=" ">
    <subfield code="b">The Director, Botanical Survey Of India </subfield>
    <subfield code="c">2022</subfield>
    <subfield code="a">Kolkata</subfield>
  </datafield>
  <datafield tag="270" ind1=" " ind2=" ">
    <subfield code="a">CGO Complex, 3rd MSO Building, Sector-I, Salt Lake City </subfield>
    <subfield code="b">Kolkata </subfield>
    <subfield code="e">700064</subfield>
  </datafield>
  <datafield tag="300" ind1=" " ind2=" ">
    <subfield code="a">235p.</subfield>
    <subfield code="c">24cm(Hb)</subfield>
    <subfield code="b">ill.</subfield>
  </datafield>
  <datafield tag="500" ind1=" " ind2=" ">
    <subfield code="a">References, Index</subfield>
  </datafield>
  <datafield tag="700" ind1=" " ind2=" ">
    <subfield code="9">66738</subfield>
    <subfield code="a">Karthigeyan, K., Ranjan, Vinay, Gogoi, Rajib, Dash, S. S., Yadav, V. K.</subfield>
  </datafield>
  <datafield tag="942" ind1=" " ind2=" ">
    <subfield code="2">ddc</subfield>
    <subfield code="c">EN</subfield>
    <subfield code="h">581.68095452</subfield>
    <subfield code="m">KAR</subfield>
  </datafield>
  <datafield tag="999" ind1=" " ind2=" ">
    <subfield code="c">203201</subfield>
    <subfield code="d">203201</subfield>
  </datafield>
  <datafield tag="952" ind1=" " ind2=" ">
    <subfield code="0">0</subfield>
    <subfield code="1">0</subfield>
    <subfield code="4">0</subfield>
    <subfield code="7">0</subfield>
    <subfield code="8">NFIC</subfield>
    <subfield code="a">CJ</subfield>
    <subfield code="b">CJ</subfield>
    <subfield code="d">2024-05-22</subfield>
    <subfield code="e">DBAD</subfield>
    <subfield code="g">11658.00</subfield>
    <subfield code="l">0</subfield>
    <subfield code="o">581.68095452 KAR</subfield>
    <subfield code="p">EN-124026</subfield>
    <subfield code="r">2024-05-22 00:00:00</subfield>
    <subfield code="t">1</subfield>
    <subfield code="v">11658.00</subfield>
    <subfield code="w">2024-05-22</subfield>
    <subfield code="y">EN</subfield>
  </datafield>
</record>
